| 000 | 00612nam a2200193 4500 | ||
|---|---|---|---|
| 999 |
_c162189 _d162189 |
||
| 005 | 20190307104750.0 | ||
| 010 | _aENG-124853 | ||
| 020 |
_a9789386048370 _c995.00 |
||
| 035 | _aEN-108385 | ||
| 037 | _bDBAD/PUB | ||
| 082 | _a920 | ||
| 100 | _aMishra,Saroj Kr. | ||
| 245 |
_aPt.madan mohan malaviya/ _cby Saroj Kr.Mishra |
||
| 260 |
_aDelhi _bGS Publisher _c2017 |
||
| 270 |
_aF-7,Gali No.1,Panchsheel GardenExt.Naveen Shahdars, _bDelhi _e110032 _k09971733123 _mgspublisherdistributors@gmail.com |
||
| 300 |
_a280p. _c21cm(Hb) |
||
| 500 | _aIt includes index | ||
| 942 |
_2ddc _cEN _h920 _mMIS |
||